|
|
|
|
| LEADER |
04660nam a22004093i 4500 |
| 001 |
EBC30686064 |
| 003 |
MiAaPQ |
| 005 |
20231204023231.0 |
| 006 |
m o d | |
| 007 |
cr cnu|||||||| |
| 008 |
231204s2022 xx o ||||0 spa d |
| 020 |
|
|
|a 9781433191046
|q (electronic bk.)
|
| 020 |
|
|
|z 9781433191039
|
| 035 |
|
|
|a (MiAaPQ)EBC30686064
|
| 035 |
|
|
|a (Au-PeEL)EBL30686064
|
| 035 |
|
|
|a (OCoLC)1346823221
|
| 040 |
|
|
|a MiAaPQ
|b eng
|e rda
|e pn
|c MiAaPQ
|d MiAaPQ
|
| 100 |
1 |
|
|a Postigo Gómez, Inmaculada.
|
| 245 |
1 |
0 |
|a Feminismos, Violencias y Redes Sociales :
|b Prácticas y Estrategias Iberoamericanas Contra Los Discursos Del Odio.
|
| 250 |
|
|
|a 1st ed.
|
| 264 |
|
1 |
|a New York :
|b Peter Lang Publishing, Incorporated,
|c 2022.
|
| 264 |
|
4 |
|c {copy}2022.
|
| 300 |
|
|
|a 1 online resource (340 pages)
|
| 336 |
|
|
|a text
|b txt
|2 rdacontent
|
| 337 |
|
|
|a computer
|b c
|2 rdamedia
|
| 338 |
|
|
|a online resource
|b cr
|2 rdacarrier
|
| 505 |
0 |
|
|a Cover -- Índice -- Lista de figuras y tablas -- PARTE 1. FEMINISMO Y REDES SOCIALES DESDE LA MIRADA ESPAÑOLA -- 1. La cuarta ola feminista a través de la ilustración: ¿qué pautas de identidad y sociabilidad emergen en redes sociales? (Ruth de Frutos / Inmaculada Postigo / Teresa Vera) -- 2. Combatir las violencias machistas a través de la ilustración en las redes sociales (Emelina Galarza Fernández / Inmaculada Sánchez-Labella Martín / Esther Simancas González) -- 3. El algoritmo no entiende la ironía. Contrarrelatos feministas sobre las autorrepresentaciones en redes sociales (Concha Barquero Artés / Alejandro Alvarado Jódar / Victoria Maureira Sáez) -- 4. Mi pluma es política: apropiaciones no occidentales del drag (Abed Al Wahab Kassir / Cilia Willem / Iolanda Tortajada) -- 5. El Día del Orgullo LGTBIQ+: un valor al alza para las marcas en Instagram (Inmaculada J. Martínez / Anna Zaera Bonfill / Alejandra Hernández Ruiz) -- 6. La dimensión educativa del produsage juvenil en las redes sociales para la sensibilización sobre la violencia machista (Laura Triviño Cabrera / Elisa Isabel Chaves Guerrero) -- PARTE 2. FEMINISMO Y REDES SOCIALES DESDE -- 7. Incremento de violencias en la región. Retos y desafíos desde los feminismos latinoamericanos (Noelia Correa García / Astrid Gutiérrez / Alicia Hopkins) -- 8. Violencia digital contra las mujeres en México (Aimée Vega Montiel / Daniela Esquivel Domínguez / Carolina Pacheco Luna) -- 9. Prácticas y estrategias contra la violencia de género en las aulas virtuales. Los casos de México y Colombia en el contexto de pandemia (Sandra Ivette González / Malely Linares Sánchez) -- 10. Defender los derechos de las mujeres transitando un camino violento: historias, agencia y transformación en el activismo feminista en las redes sociales en Costa Rica (Yanet Martinez Toledo / Paola Jinesta Aguilar).
|
| 505 |
8 |
|
|a 11. Discursividades feministas durante la revuelta popular chilena de 2019 (Javiera Olivares Mardones) -- 12. Comunicación y estructuras de poder en las violencias digitales de género en Brasil (Graciela Natansohn / Thiane Neves Barros / Geisa Santos da Silva) -- PARTE 3. FEMINISMOS Y REDES SOCIALES: DE LA INVESTIGACIÓN A LA IMPLICACIÓN -- 13. Violencias, juventud y redes: De la revisión bibliométrica al compromiso investigador (Trinidad Núñez Domínguez / Carmen Romo Parra / Lucía Sell Trujillo) -- 14. Testimonios de las violencias machistas desde una dimensión ética: el espacio digital como lugar de disputa discursiva (Sonia Núñez Puente / Diana Fernández Romero) -- Acerca de las y los autores.
|
| 520 |
|
|
|a La investigación sobre comunicación y género de este libro permite observar cómo se avanza a ambos lados del Atlántico, que aborda el espacio digital como lugar de disputa discursiva y el papel fundamental de los movimientos feministas y profesionales de la comunicación en la comunicación. regalo.
|
| 588 |
|
|
|a Description based on publisher supplied metadata and other sources.
|
| 590 |
|
|
|a Electronic reproduction. Ann Arbor, Michigan : ProQuest Ebook Central, 2023. Available via World Wide Web. Access may be limited to ProQuest Ebook Central affiliated libraries.
|
| 655 |
|
4 |
|a Electronic books.
|
| 700 |
1 |
|
|a Balanza, Teresa Vera.
|
| 700 |
1 |
|
|a de Frutos García, Ruth.
|
| 776 |
0 |
8 |
|i Print version:
|a Postigo Gómez, Inmaculada
|t Feminismos, Violencias y Redes Sociales
|d New York : Peter Lang Publishing, Incorporated,c2022
|z 9781433191039
|
| 797 |
2 |
|
|a ProQuest (Firm)
|
| 856 |
4 |
0 |
|u https://ebookcentral.proquest.com/lib/matrademy/detail.action?docID=30686064
|z Click to View
|